ბათუმის შოთა რუსთაველის სახელმწიფო უნივერსიტეტის ბიბლიოთეკა

ამერიკის შეერთებული შტატების პრეზიდენტები / (ბიბ.ჩანაწერი № 58981)

000 -ლიდერი
ფიქსირებული სიგრძის საკონტროლო ველი 00853nam a22001937a 4500
003 - საკონტროლო ნომრის იდენტიფიკატორი
საკონტროლო ველი Ge_BSU
005 - ბოლო ოპერაციის თარიღი და დრო
საკონტროლო ველი 20221027110020.0
008 - ფიქსირებული სიგრძის მონაცემთა ელემენტები - ზოგადი ინფორმაცია
ფიქსირებული სიგრძის საკონტროლო ველი 221027s1999 ge ||||| |||| 00| 0 geo d
020 ## - წიგნის საერთაშორისო სტანდარტული ნომერი
International Standard Book Number 9992844159
041 ## - ენის კოდი
Language code of text/sound track or separate title geo
080 ## - უნივერსალური ათობითი კლასიფიკაციის ინდექსი
Universal Decimal Classification number 342.511(73) ჯ-26
100 ## - მთავარი ჩანაწერი - პიროვნების სახელი
Personal name ჯაფარიძე, შოთა
9 (RLIN) 4625
245 ## - ცნობა სათაურის შესახებ
Title ამერიკის შეერთებული შტატების პრეზიდენტები /
Statement of responsibility, etc [რედ.: ვლადიმერ ჭანუყვაძე].
264 ## - წარმოების, გამოცემის, დისტრიბუციის და სხვა ცნობები
გამოცემის, წარმოების, დისტრიბუციის... ადგილი ბათუმი :
გამოცემის, წარმოების, დისტრიბუციის... სახელწოდება აჭარა,
გამოცემის, წარმოების, დისტრიბუციის... თარიღი 1999.
300 ## - ფიზიკური აღწერა
Extent 424 გვ. :
Other physical details ილ. ;
Dimensions 20 სმ.
501 ## - შენიშვნა თანმხლებ მასალაზე
With note პარალ. თავფ. ინგლ. ენ.
653 ## - INDEX TERM--UNCONTROLLED
Uncontrolled term ამერიკის შეერთებული შტატების პრეზიდენტები
942 ## - ADDED ENTRY ELEMENTS (KOHA)
Source of classification or shelving scheme
Koha item type წიგნი
ეგზემპლარები
ჩამოწერის სტატუსი დაკარგული ეგზემპლარის სტატუსი კლასიფიკაციის წყარო ან თაროზე გაწყობის სქემა დაზიანების სტატუსი არ გაიცემა მუდმივი მდებარეობა (დაცვის ადგილი) ამჟამინდელი ადგილსამყოფელი თაროზე განთავსების ადგილი შეძენის თარიღი ღირებულება, შესყიდვის ნორმალური ფასი სრული შენახვის შიფრი შტრიხკოდი ბოლო ოპერაციის თარიღი ეგზემპლარის მიმდევრობითი ნომერი (კეტერი?) ფასის ძალაში შესვლის თარიღი ეგზემპლარის სახეობა საჯარო შენიშვნა
          ბათუმის შოთა რუსთაველის სახელმწიფო უნივერსიტეტის მთავარი ბიბლიოთეკა ბათუმის შოთა რუსთაველის სახელმწიფო უნივერსიტეტის მთავარი ბიბლიოთეკა წიგნსაცავი 2022-10-27 12.00 342.511(73) ჯ-26 28781 2022-10-27 28781 2022-10-27 წიგნი 12 ლ.